| 000 | 00856nam a2200241Ia 4500 | ||
|---|---|---|---|
| 003 | OSt | ||
| 005 | 20220923224612.0 | ||
| 006 | a|||||r|||| 00| 0 | ||
| 007 | ta | ||
| 008 | 220922b |||||||| |||| 00| 0 pan d | ||
| 020 | _c200 | ||
| 024 | _a246,001 | ||
| 037 |
_b7830/XI, 31/01/2011, Arsee Publishers _cTextual |
||
| 040 |
_aARTS _cARTS _bpan |
||
| 041 |
_2pan _apan |
||
| 082 | _aO153,3:g, Q0 | ||
| 100 | _aਦੁਸਾਂਝ, ਸੁਰਿੰਦਰ ਸਿੰਘ | ||
| 245 | 0 |
_aਪੰਜਾਬੀ ਨਾਵਲ ਦੇ ਲੱਛਣ ਤੇ ਝੁਕਾਅ _b 186 ਤੋ੍ਵ 1946 |
|
| 260 |
_aਚੰਡੀਗੜ _b ਲੋਕਗੀਤ _c2010 |
||
| 300 |
_a163ਪੰ _ccm. |
||
| 942 |
_hO153,3:g, Q0 _cTEXL _2CC |
||
| 999 |
_c372448 _d372448 |
||